书目信息 |
| 题名: |
中国的农民
|
|
| 作者: | 陈东有 主编 | |
| 分册: | ||
| 出版信息: | 南昌 江西高校出版社 1999.10 |
|
| 页数: | 355页 | |
| 开本: | 32开 | |
| 丛书名: | ||
| 单 册: | ||
| 中图分类: | D422.7 | |
| 科图分类: | 4227 | |
| 主题词: | 农艺运动 , 农艺组织 | |
| 电子资源: | ||
| ISBN: | 7-81033-986-9 | |
| 000 | 00589nam0 2200217 45 | |
| 001 | 0102150874 | |
| 005 | 20010215085833.4 | |
| 010 | @a7-81033-986-9@d18.00元 | |
| 100 | @a20010215d1999 km y0chiy0120 ea | |
| 101 | 0 | @achi |
| 105 | @a z 000yy | |
| 200 | 1 | @a中国的农民@AZhong Guo De Nong Min@f陈东有主编@FChen Dong You Zhu Bian |
| 210 | @a南昌@c江西高校出版社@d1999.10 | |
| 215 | @a355页@d32开 | |
| 606 | 0 | @a农艺运动 |
| 606 | 0 | @a农艺组织 |
| 690 | @aD422.7@v3 | |
| 692 | @a4227 | |
| 701 | 0 | @a陈东有@4主编 |
| 801 | @aCN@bPftUser@c20010215 | |
| 905 | @b322378-382@dD422.7@eCH910@f5 | |
| 中国的农民/陈东有主编.-南昌:江西高校出版社,1999.10 |
| 355页;32开 |
| ISBN 7-81033-986-9:18.00元 |
| ● |
| 相关链接 |
|
|
|
正题名:中国的农民
索取号:D422.7/CH910
 
预约/预借
| 序号 | 登录号 | 条形码 | 馆藏地/架位号 | 状态 | 备注 |
| 1 | 322378 | 203223788 | 社科库509/422社科库 42排3列3层/ [索取号:D422.7/CH910] | 在馆 | |
| 2 | 322379 | 203223797 | 社科库509/509社科库 70排4列5层/ [索取号:D422.7/CH910] | 在馆 | |
| 3 | 322380 | 203223804 | 社科库509/422社科库 42排3列3层/ [索取号:D422.7/CH910] | 在馆 | |
| 4 | 322381 | 203223813 | 社科库509/509社科库 70排4列5层/ [索取号:D422.7/CH910] | 在馆 | |
| 5 | 322382 | 203223822 | 社科库509/509社科库 70排4列5层/ [索取号:D422.7/CH910] | 在馆 |